[Event "European Online Club-ch-D 2021"]
[Site "Online"]
[Date "2021.03.27"]
[Round "3.7"]
[White "Dolana, Andrei-Theodor"]
[Black "Jones, Gawain C B"]
[Result "1/2-1/2"]
[WhiteElo "2359"]
[BlackElo "2670"]
[Annotator "TA"]
[PlyCount "129"]
[EventDate "2021.03.27"]
[EventType "team-tourn"]
[EventCountry "NET"]
[SourceTitle "playchess.com"]
[Source "ChessBase"]
[SourceQuality "1"]

{[%evp 13,129,31,39,45,36,31,32,16,29,23,28,17,37,17,99,114,88,20,11,0,6,0,0,-4,-4,-2,-1,-6,0,-13,-8,-7,-5,-12,0,0,0,0,-4,-25,-35,-33,0,-4,-6,-22,0,0,0,0,0,0,0,0,0,0,0,0,0,0,0,0,0,0,0,0,0,0,0,0,0,0,0,0,0,0,111,0,0,0,0,0,0,0,0,0,0,0,0,0,0,0,0,0,0,0,0,0,0,0,0,0,0,0,0,0,0,0,0,0,0,0,0,0,0,0,0,0]} 1. Nf3 Nf6 2. g3 g6 3. b3 Bg7 4. Bb2 c5 5. c4 O-O 6. Bg2 d6 7. d4 d5 {7...Ne4 gains popularity.} 8. dxc5 {E60: King's Indian: Unusual lines and Fianchetto Variation without Nc3.} dxc4 9. Nbd2 Na6 {[#]} 10. Rc1 $146 {[%cal Ba1c1,Bc1c4,Bc4d4][%mdl 32] White is slightly better.} ({Predecessor:} 10. O-O Nxc5 11. Nxc4 Be6 12. Qc1 Rc8 13. Rd1 Qe8 14. Qf4 Nce4 15. Nfe5 b5 16. Na5 {0-1 (61) Maghsoodloo,P (2671)-Jones,G (2702) Malmo 2019}) 10... Nxc5 11. Rxc4 b6 12. b4 Ne6 13. Nd4 Nxd4 (13... Bd7 $1 $11 {remains equal.}) 14. Rxd4 $16 (14. Bxa8 $6 Be6 $11) 14... Bd7 15. Bxa8 ({White should try} 15. Ne4 $16 {Threatens to win with Nxf6+.} Nxe4 16. Rxd7 (16. Bxe4 Bxd4 17. Qxd4 f6 $11) 16... Bxb2 17. Bxe4 (17. Rxd8 Raxd8 18. Qa4 Nc3 $15)) 15... Qxa8 $11 16. Nf3 Be6 17. O-O Ne4 18. Rxe4 Qxe4 19. Bxg7 Kxg7 20. Ng5 Qe5 (20... Qf5 {seems wilder.} 21. Nxe6+ Qxe6 22. Qa4 Rc8 23. Qxa7 Rc2) 21. Nxe6+ Qxe6 {[%mdl 4096] Endgame KQR-KQR} 22. Qd2 Rc8 23. Rd1 Qe4 24. f3 Qe5 25. Kf2 Rc4 26. a3 Rc3 27. a4 Ra3 28. Qc2 Qe3+ 29. Kg2 Kf6 30. Rd7 a6 31. Qb2+ e5 32. Qc2 {[#] Threatening mate with Qc4.} Ra1 {( -> ...Rg1+)} 33. Rd1 ({Not} 33. Qc4 $2 Qg1+ 34. Kh3 Qf1+ 35. Kg4 h5+ 36. Kh4 g5+ 37. Kxh5 Qh3+ 38. Qh4 gxh4 $19) 33... Rxd1 34. Qxd1 {KQ-KQ} Ke7 35. Kf1 Qa3 36. Qd5 Qa1+ 37. Kg2 Kf6 38. Qd6+ Kg7 39. Qxb6 Qxa4 40. Qd6 Qa1 41. h4 h6 42. Kf2 g5 43. hxg5 hxg5 44. Qd8 (44. Kg2 {is more complex.} Qd4 45. Qe7 Kg6 46. g4 Qb2 47. Qd6+) 44... Qc1 (44... Kg6 $11 {keeps the balance.}) 45. Qd6 ({White must play} 45. Qe7 $16) 45... Qc3 {The position is equal.} 46. Qxa6 {[#] Hoping for Qd6.} Qd4+ 47. Kg2 Qxb4 48. Qa1 (48. Qc6 {looks sharper.} Qd2 49. Qe4 Qd6 50. Qf5 Qf6 51. Qd3) 48... Qb5 49. Qd1 f6 50. Qc2 Qd7 51. g4 Kf8 52. Qg6 Qe6 53. Qe4 Qa6 54. Kf2 Kg7 55. Qb4 Qc6 56. Qe7+ Kg6 57. Qd8 (57. e3 {is more complex.} Qc2+ 58. Kg3 Qe2 59. Qe8+ Kg7 60. Qe7+) 57... Kf7 58. Qd3 (58. Kg2 {keeps more tension.} Qc5 59. Kh3 Kg6 60. Qg8+ Kh6 61. Qh8+) 58... Kg7 59. Qd8 (59. e3 {feels hotter.} Qc5 60. Kf1 Qc1+ 61. Ke2 Qb2+ 62. Ke1) 59... Qc5+ 60. Kg2 Qa7 (60... Kg6 {seems wilder.} 61. Qg8+ Kh6 62. Qf7 Qd6 63. Kg3 e4+) 61. Qe8 Qb7 62. Qe6 Qc7 63. Kf2 Qc5+ 64. Kg2 Qa7 65. Qe8 {Weighted Error Value: White=0.07/Black=0.10} 1/2-1/2

[Event "European Online Club-ch-D 2021"]
[Site "Online"]
[Date "2021.03.27"]
[Round "3.8"]
[White "Cheparinov, Ivan"]
[Black "Gavrilescu, David"]
[Result "1-0"]
[WhiteElo "2667"]
[BlackElo "2476"]
[Annotator "TA"]
[PlyCount "81"]
[EventDate "2021.03.27"]
[EventType "team-tourn"]
[EventCountry "NET"]
[SourceTitle "playchess.com"]
[Source "ChessBase"]
[SourceQuality "1"]

{[%evp 10,80,23,22,17,17,20,0,14,10,23,20,17,16,12,11,33,39,38,-18,37,12,22,32,13,29,40,39,97,102,105,104,83,133,221,202,215,210,212,173,224,222,200,200,199,199,179,150,251,255,255,151,258,245,322,302,294,258,449,439,1705,1647,1621,1621,3842,1417,981,973,29994,29995,29995,29996,29999]} 1. d4 Nf6 2. c4 e6 3. Nf3 d5 4. g3 dxc4 5. Bg2 a6 6. Ne5 Bb4+ {E04: Open Catalan: 5 Nf3.} 7. Nc3 {[%cal Bb1c3,Bc3e4,Be4c5][%mdl 32] Strongly threatening Qa4+.} Nd5 8. O-O {And now Nxd5 would win.} O-O {The position is equal.} 9. Ne4 b5 10. b3 cxb3 11. axb3 Bb7 12. Nd3 Be7 13. Nec5 Bc6 14. e4 (14. Bb2 $14) 14... Nf6 ({Black should try} 14... Bxc5 $11 15. Nxc5 Nc3) 15. Bb2 $14 Bxc5 16. Nxc5 Nbd7 17. Nxd7 {[#]} Qxd7 $146 ({Predecessor:} 17... Nxd7 18. Bc3 Bb7 19. Ba5 Qe7 20. Rc1 Rfc8 21. Qd2 c5 22. Rfd1 cxd4 23. Qxd4 Nf8 {0-1 (38) Harikrishna,P (2731)-Nakamura,H (2741) Kolkata 2019}) 18. Re1 Rfd8 {[#]} (18... Bb7 $14) 19. d5 $1 $36 {[%mdl 2048] Black is under strong pressure. Black is now going downhill.} exd5 {[%cal Rf6e4]} 20. Bxf6 gxf6 21. exd5 {Black must now prevent Qh5.} Qf5 (21... Bxd5 $2 22. Bxd5 c6 23. Be4 $18) (21... Bb7 $16 {might work better.}) 22. Be4 $18 {[%mdl 1024] White has strong compensation.} Qg5 {[#]} 23. h4 $1 Qg7 24. Qf3 Bd7 (24... f5 $142 25. Qxf5 (25. dxc6 fxe4 26. Qxe4 Rd6 $16) 25... Bd7) 25. d6 $1 {[%cal Rd6c7]} Rac8 26. Bb7 (26. Rxa6 $6 Re8 $16) 26... cxd6 27. Bxc8 ({Much less strong is} 27. Rxa6 $6 Re8 $16) 27... Bxc8 28. b4 f5 (28... d5 $16 {was necessary.} 29. Qf4 f5) 29. Rad1 Qf6 30. Qf4 (30. Qc6 $18) 30... Kg7 (30... d5 $16 31. Rd4 h6) 31. Rd5 h6 32. Red1 Be6 33. Rxd6 Rxd6 (33... Ra8 {was worth a try.} 34. Rc1 Rd8) 34. Rxd6 {[%mdl 4096] Endgame KQR-KQB} ({Weaker is} 34. Qxd6 Qc3 $18) 34... a5 (34... Qc3 $142 35. Rxa6 Kh7) 35. bxa5 Qa1+ 36. Kh2 Qxa5 37. Qd4+ Kg6 38. Rd8 Qe1 39. Rg8+ {White mates.} Kh5 40. Qf4 {[%cal Rf4f3]} f6 41. Qf3# {Weighted Error Value: White=0.11/Black=0.44} 1-0

[Event "European Online Club-ch-D 2021"]
[Site "Online"]
[Date "2021.03.27"]
[Round "3.9"]
[White "Bauer, Christian"]
[Black "Lopez Del Alamo, Antonio"]
[Result "1-0"]
[WhiteElo "2639"]
[BlackElo "2295"]
[Annotator "ChessBase"]
[PlyCount "65"]
[EventDate "2021.03.27"]
[EventType "team-tourn"]
[EventCountry "NET"]
[SourceTitle "playchess.com"]
[Source "ChessBase"]
[SourceQuality "1"]
[TimeControl "900+5"]

1. e4 {[%emt 0:00:00]} c5 {[%emt 0:00:06]} 2. Nf3 {[%emt 0:00:02]} e6 {[%emt 0:00:07]} 3. c3 {[%emt 0:00:02]} d5 {[%emt 0:00:35]} 4. d3 {[%emt 0:00:02]} Nc6 {[%emt 0:00:48]} 5. Qe2 {[%emt 0:00:35]} Nge7 {[%emt 0:00:18]} 6. g3 {[%emt 0:00:04]} g6 {[%emt 0:00:03]} 7. Bg2 {[%emt 0:00:02]} Bg7 {[%emt 0:00:02]} 8. O-O {[%emt 0:00:01]} O-O {[%emt 0:00:02]} 9. Re1 {[%emt 0:00:23]} b5 {[%emt 0:02:43]} 10. e5 {[%emt 0:00:22]} h6 {[%emt 0:00:43]} 11. Be3 {[%emt 0:00:34]} d4 {[%emt 0:01:29]} 12. cxd4 {[%emt 0:00:06]} cxd4 {[%emt 0:00:04]} 13. Bd2 {[%emt 0:00:56]} Bb7 {[%emt 0:00:57]} 14. Na3 {[%emt 0:00:04]} Qb6 {[%emt 0:00:27]} 15. h4 {[%emt 0:00:04]} Nd5 {[%emt 0:01:17]} 16. h5 {[%emt 0:01:49]} g5 {[%emt 0:00:39]} 17. Qe4 {[%emt 0:00:10]} Rae8 {[%emt 0:01:16]} 18. Bxg5 {[%emt 0:03:30]} hxg5 {[%emt 0:00:25]} 19. Nxg5 {[%emt 0:00:02]} f5 {[%emt 0:00:05]} 20. exf6 {[%emt 0:00:01]} Nxf6 {[%emt 0:00:02]} 21. Qh4 {[%emt 0:00:02]} Nd8 {[%emt 0:01:54]} 22. h6 {[%emt 0:00:02]} Bh8 {[%emt 0:00:06]} 23. h7+ {[%emt 0:00:11]} Kg7 {[%emt 0:00:02]} 24. Bxb7 {[%emt 0:00:10]} Qxb7 {[%emt 0:00:40]} 25. Re5 {[%emt 0:00:37]} a6 {[%emt 0:00:40]} 26. Rae1 {[%emt 0:00:04]} Kg6 {[%emt 0:00:53]} 27. Nc2 {[%emt 0:01:03]} Qg7 {[%emt 0:00:39]} 28. Nxd4 {[%emt 0:01:14]} Qh6 {[%emt 0:00:03]} 29. Qf4 {[%emt 0:00:11]} Nxh7 {[%emt 0:00:13]} 30. Qe4+ {[%emt 0:00:05]} Kg7 {[%emt 0:00:01]} 31. Nxh7 {[%emt 0:00:32]} Qxh7 {[%emt 0:00:02]} 32. Rg5+ {[%emt 0:00:02]} Kh6 {[%emt 0:00:08]} 33. Qh4# {[%emt 0:00:05]} 1-0

[Event "European Online Club-ch-D 2021"]
[Site "Online"]
[Date "2021.03.27"]
[Round "3.10"]
[White "Gongora Montes, Benjamin"]
[Black "Pelletier, Yannick"]
[Result "0-1"]
[WhiteElo "2198"]
[BlackElo "2581"]
[Annotator "ChessBase"]
[PlyCount "82"]
[EventDate "2021.03.27"]
[EventType "team-tourn"]
[EventCountry "NET"]
[SourceTitle "playchess.com"]
[Source "ChessBase"]
[SourceQuality "1"]
[TimeControl "900+5"]

1. d4 {[%emt 0:00:00]} Nf6 {[%emt 0:00:10]} 2. Nf3 {[%emt 0:00:05]} d5 {[%emt 0:00:07]} 3. Bg5 {[%emt 0:00:05]} Ne4 {[%emt 0:00:21]} 4. Bf4 {[%emt 0:00:07]} Bf5 {[%emt 0:00:31]} 5. e3 {[%emt 0:00:05]} e6 {[%emt 0:00:04]} 6. Nbd2 {[%emt 0:00:55]} Nd7 {[%emt 0:00:19]} 7. h3 {[%emt 0:00:28]} Be7 {[%emt 0:00:11]} 8. Be2 {[%emt 0:01:03]} O-O {[%emt 0:00:04]} 9. O-O {[%emt 0:00:09]} c5 {[%emt 0:00:16]} 10. c4 {[%emt 0:00:16]} Nb6 {[%emt 0:00:35]} 11. Rc1 {[%emt 0:00:59]} Nxd2 {[%emt 0:02:39]} 12. Qxd2 {[%emt 0:00:46]} Nxc4 {[%emt 0:00:34]} 13. Bxc4 {[%emt 0:00:09]} dxc4 {[%emt 0:00:00]} 14. Rxc4 {[%emt 0:00:02]} Be4 {[%emt 0:01:46]} 15. dxc5 {[%emt 0:01:20]} Qxd2 {[%emt 0:00:05]} 16. Nxd2 {[%emt 0:00:03]} Bd3 {[%emt 0:00:01]} 17. Rfc1 {[%emt 0:00:09]} Bxc4 {[%emt 0:00:10]} 18. Rxc4 {[%emt 0:00:05]} Rfd8 {[%emt 0:00:14]} 19. e4 {[%emt 0:00:16]} Bf6 {[%emt 0:03:10]} 20. b3 {[%emt 0:01:19]} Rd4 {[%emt 0:00:23]} 21. Kf1 {[%emt 0:00:32]} Rc8 {[%emt 0:00:16]} 22. Be3 {[%emt 0:01:44]} Rxc4 {[%emt 0:00:04]} 23. Nxc4 {[%emt 0:00:04]} Bc3 {[%emt 0:00:38]} 24. Nd6 {[%emt 0:00:54]} Rb8 {[%emt 0:00:03]} 25. Ke2 {[%emt 0:00:06]} Bb4 {[%emt 0:00:26]} 26. Kd3 {[%emt 0:00:49]} b6 {[%emt 0:00:16]} 27. Kc4 {[%emt 0:00:16]} bxc5 {[%emt 0:00:27]} 28. Bxc5 {[%emt 0:00:20]} a5 {[%emt 0:00:58]} 29. e5 {[%emt 0:00:36]} g5 {[%emt 0:01:48]} 30. g4 {[%emt 0:00:53]} Kg7 {[%emt 0:00:04]} 31. f3 {[%emt 0:01:21]} h6 {[%emt 0:00:05]} 32. Bd4 {[%emt 0:00:49]} Rd8 {[%emt 0:00:14]} 33. Bc5 {[%emt 0:00:15]} Rb8 {[%emt 0:00:01]} 34. Bd4 {[%emt 0:00:02]} Kg6 {[%emt 0:00:02]} 35. Bb2 {[%emt 0:00:21]} f6 {[%emt 0:00:09]} 36. a3 {[%emt 0:00:04]} Bxd6 {[%emt 0:00:15]} 37. exd6 {[%emt 0:00:02]} Kf7 {[%emt 0:00:05]} 38. Bc3 {[%emt 0:00:21]} Rc8+ {[%emt 0:00:14]} 39. Kd3 {[%emt 0:00:10]} Rc5 {[%emt 0:00:10]} 40. b4 {[%emt 0:00:13]} axb4 {[%emt 0:00:14]} 41. Bxb4 {[%emt 0:00:02]} Rc1 {[%emt 0:00:06]} 0-1

[Event "European Online Club-ch-D 2021"]
[Site "Online"]
[Date "2021.03.27"]
[Round "3.11"]
[White "Petkidis, Anthony"]
[Black "Pascual Palomo, Lucia"]
[Result "1-0"]
[WhiteElo "2401"]
[BlackElo "2101"]
[Annotator "NA"]
[PlyCount "79"]
[EventDate "2021.03.27"]
[EventType "team-tourn"]
[EventCountry "NET"]
[SourceTitle "playchess.com"]
[Source "ChessBase"]
[SourceQuality "1"]
[TimeControl "900+5"]

1. e4 {[%emt 0:00:00]} e6 {[%emt 0:00:05]} 2. d4 {[%emt 0:00:08]} d5 {[%emt 0:00:09]} 3. e5 {[%emt 0:00:11]} c5 {[%emt 0:00:04]} 4. c3 {[%emt 0:00:02]} Nc6 {[%emt 0:00:04]} 5. Nf3 {[%emt 0:00:03]} Bd7 {[%emt 0:00:02]} 6. Be2 {[%emt 0:00:06]} cxd4 {[%emt 0:00:09]} 7. cxd4 {[%emt 0:00:02]} Nh6 {[%emt 0:00:02]} 8. Bxh6 {[%emt 0:01:10]} gxh6 {[%emt 0:00:08]} 9. O-O {[%emt 0:00:02]} Bg7 {[%emt 0:00:05]} 10. Nc3 {[%emt 0:00:59]} a6 {[%emt 0:00:19]} 11. Na4 {[%emt 0:00:38]} O-O {[%emt 0:00:04]} 12. Nc5 {[%emt 0:00:42]} Rb8 {[%emt 0:02:08]} 13. Rc1 {[%emt 0:00:17]} f6 {[%emt 0:00:18]} 14. exf6 {[%emt 0:00:14]} Bxf6 {[%emt 0:00:12]} 15. Qd2 {[%emt 0:00:16]} Bg7 {[%emt 0:00:10]} 16. Qe3 {[%emt 0:00:38]} Qe7 {[%emt 0:01:19]} 17. Ne5 {[%emt 0:01:26]} Nxe5 {[%emt 0:00:54]} 18. dxe5 {[%emt 0:00:05]} Rf5 {[%emt 0:00:25]} 19. f4 {[%emt 0:00:07]} h5 {[%emt 0:00:40]} 20. Bd3 {[%emt 0:01:11]} Rff8 {[%emt 0:00:31]} 21. Qh3 {[%emt 0:00:24]} h4 {[%emt 0:00:28]} 22. Nxd7 {[%emt 0:00:47]} Qxd7 {[%emt 0:00:05]} 23. Qxh4 {[%emt 0:00:01]} Bh8 {[%emt 0:00:16]} 24. Rf3 {[%emt 0:00:08]} Rf7 {[%emt 0:00:16]} 25. Qh6 {[%emt 0:00:44]} Rg7 {[%emt 0:00:22]} 26. Rh3 {[%emt 0:00:24]} Rf8 {[%emt 0:01:20]} 27. Rf1 {[%emt 0:00:05]} Qe7 {[%emt 0:00:10]} 28. Kh1 {[%emt 0:00:06]} Rff7 {[%emt 0:00:25]} 29. a3 {[%emt 0:00:07]} Rg4 {[%emt 0:00:22]} 30. Rff3 {[%emt 0:00:42]} Rfg7 {[%emt 0:00:30]} 31. Rfg3 {[%emt 0:00:35]} Rxg3 {[%emt 0:00:24]} 32. hxg3 {[%emt 0:00:03]} b5 {[%emt 0:00:23]} 33. g4 {[%emt 0:00:03]} Rf7 {[%emt 0:00:50]} 34. g5 {[%emt 0:00:49]} Qc7 {[%emt 0:01:11]} 35. Rh4 {[%emt 0:03:52]} Qc1+ {[%emt 0:01:44]} 36. Kh2 {[%emt 0:00:03]} Bg7 {[%emt 0:00:03]} 37. Qxe6 {[%emt 0:00:08]} Kf8 {[%emt 0:00:28]} 38. Qd6+ {[%emt 0:00:04]} Ke8 {[%emt 0:00:11]} 39. e6 {[%emt 0:00:04]} Re7 {[%emt 0:00:13]} 40. Qb8+ {[%emt 0:00:03]} 1-0

[Event "European Online Club-ch-D 2021"]
[Site "Online"]
[Date "2021.03.27"]
[Round "3.12"]
[White "Blasco De La Cruz, Luis"]
[Black "Fischer, Daniel"]
[Result "0-1"]
[WhiteElo "1902"]
[BlackElo "2276"]
[Annotator "NA"]
[PlyCount "138"]
[EventDate "2021.03.27"]
[EventType "team-tourn"]
[EventCountry "NET"]
[SourceTitle "playchess.com"]
[Source "ChessBase"]
[SourceQuality "1"]
[TimeControl "900+5"]

1. e4 {[%emt 0:00:00]} c5 {[%emt 0:00:02]} 2. Nf3 {[%emt 0:00:13]} e6 {[%emt 0:00:02]} 3. c4 {[%emt 0:00:03]} a6 {[%emt 0:00:06]} 4. Nc3 {[%emt 0:00:02]} d6 {[%emt 0:00:50]} 5. Be2 {[%emt 0:00:15]} Nf6 {[%emt 0:00:04]} 6. d4 {[%emt 0:00:09]} cxd4 {[%emt 0:00:02]} 7. Nxd4 {[%emt 0:00:02]} Qc7 {[%emt 0:00:14]} 8. O-O {[%emt 0:00:14]} Nbd7 {[%emt 0:00:02]} 9. Be3 {[%emt 0:00:09]} b6 {[%emt 0:00:12]} 10. Rc1 {[%emt 0:00:10]} Bb7 {[%emt 0:00:02]} 11. f3 {[%emt 0:00:03]} Be7 {[%emt 0:00:02]} 12. Qd2 {[%emt 0:00:06]} O-O {[%emt 0:00:07]} 13. Rfd1 {[%emt 0:00:04]} Rac8 {[%emt 0:00:12]} 14. Bf1 {[%emt 0:01:01]} Qb8 {[%emt 0:00:25]} 15. Nc2 {[%emt 0:01:30]} Bd8 {[%emt 0:01:22]} 16. Bf4 {[%emt 0:00:36]} Ne5 {[%emt 0:00:27]} 17. Ne3 {[%emt 0:02:24]} Bc7 {[%emt 0:00:17]} 18. h3 {[%emt 0:04:12]} Rfd8 {[%emt 0:03:22]} 19. Qe1 {[%emt 0:00:44]} d5 {[%emt 0:01:36]} 20. Bxe5 {[%emt 0:00:15]} Bxe5 {[%emt 0:00:05]} 21. cxd5 {[%emt 0:00:05]} Bh2+ {[%emt 0:00:28]} 22. Kh1 {[%emt 0:00:10]} Nh5 {[%emt 0:00:12]} 23. Ng4 {[%emt 0:01:32]} Bg3 {[%emt 0:00:32]} 24. Nf2 {[%emt 0:01:09]} exd5 {[%emt 0:01:53]} 25. Nxd5 {[%emt 0:00:41]} Rxc1 {[%emt 0:00:22]} 26. Rxc1 {[%emt 0:00:18]} Bxd5 {[%emt 0:00:33]} 27. exd5 {[%emt 0:00:11]} Re8 {[%emt 0:00:23]} 28. Qd2 {[%emt 0:00:28]} Bf4 {[%emt 0:00:05]} 29. Qc2 {[%emt 0:00:05]} Bxc1 {[%emt 0:00:06]} 30. Qxc1 {[%emt 0:00:00]} Ng3+ {[%emt 0:00:07]} 31. Kg1 {[%emt 0:00:03]} Nxf1 {[%emt 0:00:05]} 32. Kxf1 {[%emt 0:00:30]} Qe5 {[%emt 0:00:18]} 33. Qd2 {[%emt 0:00:08]} Rd8 {[%emt 0:00:04]} 34. Qe2 {[%emt 0:00:07]} Qxe2+ {[%emt 0:00:05]} 35. Kxe2 {[%emt 0:00:00]} Rxd5 {[%emt 0:00:01]} 36. Nd3 {[%emt 0:00:03]} a5 {[%emt 0:00:06]} 37. h4 {[%emt 0:00:10]} Kf8 {[%emt 0:00:04]} 38. Ke3 {[%emt 0:00:03]} Ke7 {[%emt 0:00:03]} 39. Ke4 {[%emt 0:00:01]} Kd6 {[%emt 0:00:10]} 40. b3 {[%emt 0:00:06]} a4 {[%emt 0:00:44]} 41. g4 {[%emt 0:00:09]} axb3 {[%emt 0:00:21]} 42. axb3 {[%emt 0:00:00]} Rb5 {[%emt 0:00:01]} 43. b4 {[%emt 0:00:03]} Rd5 {[%emt 0:00:18]} 44. Ke3 {[%emt 0:00:11]} Kc6 {[%emt 0:00:49]} 45. Ke4 {[%emt 0:00:08]} f6 {[%emt 0:00:11]} 46. f4 {[%emt 0:00:06]} Rd7 {[%emt 0:00:06]} 47. g5 {[%emt 0:00:05]} Kb5 {[%emt 0:00:05]} 48. gxf6 {[%emt 0:00:06]} gxf6 {[%emt 0:00:00]} 49. h5 {[%emt 0:00:03]} Rxd3 {[%emt 0:00:06]} 50. Kxd3 {[%emt 0:00:02]} Kxb4 {[%emt 0:00:00]} 51. Kd4 {[%emt 0:00:02]} b5 {[%emt 0:00:02]} 52. Ke4 {[%emt 0:00:02]} Kc3 {[%emt 0:00:04]} 53. Kf5 {[%emt 0:00:00]} b4 {[%emt 0:00:01]} 54. Kxf6 {[%emt 0:00:01]} b3 {[%emt 0:00:00]} 55. Kg7 {[%emt 0:00:20]} b2 {[%emt 0:00:02]} 56. f5 {[%emt 0:00:01]} b1=Q {[%emt 0:00:04]} 57. f6 {[%emt 0:00:01]} Qg1+ {[%emt 0:00:30]} 58. Kxh7 {[%emt 0:00:10]} Qf2 {[%emt 0:00:07]} 59. Kg6 {[%emt 0:00:15]} Qg3+ {[%emt 0:00:02]} 60. Kh7 {[%emt 0:00:04]} Qf4 {[%emt 0:00:04]} 61. Kg7 {[%emt 0:00:05]} Qg5+ {[%emt 0:00:06]} 62. Kf7 {[%emt 0:00:04]} Qxh5+ {[%emt 0:00:03]} 63. Ke7 {[%emt 0:00:04]} Qe5+ {[%emt 0:00:04]} 64. Kf7 {[%emt 0:00:01]} Kd4 {[%emt 0:00:02]} 65. Kg6 {[%emt 0:00:01]} Qe6 {[%emt 0:00:01]} 66. Kg7 {[%emt 0:00:02]} Qg4+ {[%emt 0:00:02]} 67. Kh6 {[%emt 0:00:10]} Qf5 {[%emt 0:00:07]} 68. Kg7 {[%emt 0:00:04]} Qg5+ {[%emt 0:00:01]} 69. Kf7 {[%emt 0:00:01]} Ke5 {[%emt 0:00:02]} 0-1

[Event "European Online Club-ch-D 2021"]
[Site "Online"]
[Date "2021.03.27"]
[Round "3.13"]
[White "Gadimbayli, Abdulla"]
[Black "Reimanis, Ritvars"]
[Result "1-0"]
[WhiteElo "2470"]
[BlackElo "2412"]
[Annotator "ChessBase"]
[PlyCount "157"]
[EventDate "2021.03.27"]
[EventType "team-tourn"]
[EventCountry "NET"]
[SourceTitle "playchess.com"]
[Source "ChessBase"]
[SourceQuality "1"]
[TimeControl "900+5"]

1. e4 {[%emt 0:00:00]} c5 {[%emt 0:00:03]} 2. Nf3 {[%emt 0:00:03]} Nc6 {[%emt 0:00:03]} 3. Bb5 {[%emt 0:00:02]} g6 {[%emt 0:00:01]} 4. Bxc6 {[%emt 0:00:02]} bxc6 {[%emt 0:00:02]} 5. d4 {[%emt 0:00:01]} Bg7 {[%emt 0:00:01]} 6. dxc5 {[%emt 0:00:02]} Qa5+ {[%emt 0:00:03]} 7. Nbd2 {[%emt 0:00:05]} Ba6 {[%emt 0:00:06]} 8. Rb1 {[%emt 0:00:02]} Qxc5 {[%emt 0:01:19]} 9. b4 {[%emt 0:00:03]} Qh5 {[%emt 0:00:09]} 10. c4 {[%emt 0:00:06]} g5 {[%emt 0:00:58]} 11. O-O {[%emt 0:02:22]} g4 {[%emt 0:00:09]} 12. Ne1 {[%emt 0:00:04]} Nf6 {[%emt 0:00:50]} 13. Nd3 {[%emt 0:04:36]} g3 {[%emt 0:03:35]} 14. Qxh5 {[%emt 0:03:48]} gxf2+ {[%emt 0:00:04]} 15. Kxf2 {[%emt 0:00:50]} Nxh5 {[%emt 0:00:03]} 16. e5 {[%emt 0:00:21]} Bh6 {[%emt 0:01:10]} 17. Nc5 {[%emt 0:00:31]} Bc8 {[%emt 0:01:29]} 18. Nde4 {[%emt 0:00:26]} Bxc1 {[%emt 0:00:44]} 19. Rbxc1 {[%emt 0:00:01]} Rb8 {[%emt 0:00:03]} 20. Rb1 {[%emt 0:00:27]} Nf4 {[%emt 0:01:04]} 21. g3 {[%emt 0:00:06]} Ng6 {[%emt 0:00:03]} 22. Nd3 {[%emt 0:00:02]} Ba6 {[%emt 0:01:36]} 23. Rbc1 {[%emt 0:00:03]} f6 {[%emt 0:00:23]} 24. Nec5 {[%emt 0:01:16]} Bc8 {[%emt 0:00:09]} 25. exf6 {[%emt 0:00:02]} Rf8 {[%emt 0:01:48]} 26. Ke3 {[%emt 0:00:05]} Rxf6 {[%emt 0:00:02]} 27. Rxf6 {[%emt 0:00:38]} exf6 {[%emt 0:00:02]} 28. Kd4 {[%emt 0:00:32]} f5 {[%emt 0:00:16]} 29. Re1+ {[%emt 0:00:17]} Kf7 {[%emt 0:00:01]} 30. Rf1 {[%emt 0:00:10]} d6 {[%emt 0:00:08]} 31. Ne4 {[%emt 0:00:07]} Ke7 {[%emt 0:00:01]} 32. Ng5 {[%emt 0:00:06]} h6 {[%emt 0:00:06]} 33. Nh3 {[%emt 0:00:02]} Be6 {[%emt 0:00:22]} 34. a3 {[%emt 0:00:18]} a5 {[%emt 0:00:37]} 35. Nhf4 {[%emt 0:00:10]} Nxf4 {[%emt 0:00:03]} 36. Nxf4 {[%emt 0:00:05]} Bf7 {[%emt 0:00:02]} 37. Nd3 {[%emt 0:00:05]} axb4 {[%emt 0:00:14]} 38. axb4 {[%emt 0:00:02]} Be6 {[%emt 0:00:02]} 39. Ra1 {[%emt 0:00:02]} Rd8 {[%emt 0:00:06]} 40. Ra7+ {[%emt 0:00:04]} Kf6 {[%emt 0:00:01]} 41. Kc3 {[%emt 0:00:10]} d5 {[%emt 0:00:12]} 42. c5 {[%emt 0:00:08]} d4+ {[%emt 0:00:02]} 43. Kd2 {[%emt 0:00:01]} Bc4 {[%emt 0:00:02]} 44. Rh7 {[%emt 0:00:06]} Ra8 {[%emt 0:00:09]} 45. Nb2 {[%emt 0:00:07]} Bf7 {[%emt 0:00:14]} 46. Rxh6+ {[%emt 0:00:03]} Bg6 {[%emt 0:00:01]} 47. Rh4 {[%emt 0:00:02]} Ke5 {[%emt 0:00:00]} 48. Nc4+ {[%emt 0:00:02]} Kf6 {[%emt 0:00:06]} 49. Rxd4 {[%emt 0:00:01]} Ra2+ {[%emt 0:00:01]} 50. Ke3 {[%emt 0:00:01]} Rxh2 {[%emt 0:00:03]} 51. Rd6+ {[%emt 0:00:02]} Kg5 {[%emt 0:00:01]} 52. Ne5 {[%emt 0:00:01]} Bh5 {[%emt 0:00:03]} 53. Rxc6 {[%emt 0:00:16]} Re2+ {[%emt 0:00:06]} 54. Kd4 {[%emt 0:00:01]} Re4+ {[%emt 0:00:01]} 55. Kd5 {[%emt 0:00:01]} Rxb4 {[%emt 0:00:01]} 56. Rc8 {[%emt 0:00:05]} Rb1 {[%emt 0:00:12]} 57. c6 {[%emt 0:00:06]} Kf6 {[%emt 0:00:07]} 58. Rf8+ {[%emt 0:00:14]} Ke7 {[%emt 0:00:02]} 59. Rxf5 {[%emt 0:00:02]} Be8 {[%emt 0:00:11]} 60. g4 {[%emt 0:00:06]} Rd1+ {[%emt 0:00:05]} 61. Kc5 {[%emt 0:00:04]} Rc1+ {[%emt 0:00:08]} 62. Kd5 {[%emt 0:00:19]} Rd1+ {[%emt 0:00:04]} 63. Ke4 {[%emt 0:00:02]} Rc1 {[%emt 0:00:06]} 64. Kf4 {[%emt 0:00:05]} Bxc6 {[%emt 0:00:11]} 65. Rf7+ {[%emt 0:00:01]} Ke6 {[%emt 0:00:07]} 66. Rc7 {[%emt 0:00:02]} Rf1+ {[%emt 0:00:02]} 67. Kg5 {[%emt 0:00:01]} Be4 {[%emt 0:00:10]} 68. Ng6 {[%emt 0:00:03]} Bb1 {[%emt 0:00:07]} 69. Re7+ {[%emt 0:00:04]} Kd6 {[%emt 0:00:01]} 70. Re2 {[%emt 0:00:02]} Rg1 {[%emt 0:00:06]} 71. Nh4 {[%emt 0:00:03]} Bh7 {[%emt 0:00:04]} 72. Nf5+ {[%emt 0:00:03]} Kd5 {[%emt 0:00:04]} 73. Kf6 {[%emt 0:00:03]} Bxf5 {[%emt 0:00:08]} 74. gxf5 {[%emt 0:00:08]} Rf1 {[%emt 0:00:03]} 75. Kg6 {[%emt 0:00:01]} Rg1+ {[%emt 0:00:08]} 76. Kf7 {[%emt 0:00:02]} Ra1 {[%emt 0:00:05]} 77. f6 {[%emt 0:00:02]} Ra7+ {[%emt 0:00:03]} 78. Kg8 {[%emt 0:00:02]} Ra2 {[%emt 0:00:03]} 79. Rxa2 {[%emt 0:00:02]} 1-0